Modelling as the Basis for Building a Competency Model of a Specialist Demanded by Industrial Enterprises in Priority Social and Economic Development Area (PSEDA); International Journal of Emerging Technologies in Learning (iJET); Vol. 15, No. 13

Bibliografiset tiedot
Parent link:International Journal of Emerging Technologies in Learning (iJET).— , 2006-
Vol. 15, No. 13.— 2020.— [P. 321-326]
Yhteisötekijä: Национальный исследовательский Томский политехнический университет Юргинский технологический институт
Muut tekijät: Lizunkov V. G. Vladislav Gennadyevich, Politsinskaya E. V. Ekaterina Viktorovna, Malushko E. Yu. Elena Yurjevna, Pavlov A. Yu. Aleksandr Yurjevich
Yhteenveto:Title screen
The article links with methodological analysis and review of the foundations presented in various scientific sources, features of process modelling and models structuring for training specialists in special economic zones for manufacturing enterprises. Modelling is a key tool for building a competency model of a specialist demanded by industrial enterprises in PSEDA.
Kieli:englanti
Julkaistu: 2020
Aiheet:
Linkit:http://earchive.tpu.ru/handle/11683/64904
https://doi.org/10.3991/ijet.v15i13.13941
Aineistotyyppi: Elektroninen Kirjan osa
KOHA link:https://koha.lib.tpu.ru/cgi-bin/koha/opac-detail.pl?biblionumber=663635

MARC

LEADER 00000naa0a2200000 4500
001 663635
005 20250514111613.0
035 |a (RuTPU)RU\TPU\network\34805 
090 |a 663635 
100 |a 20210224d2020 k||y0rusy50 ba 
101 0 |a eng 
135 |a drcn ---uucaa 
181 0 |a i  
182 0 |a b 
200 1 |a Modelling as the Basis for Building a Competency Model of a Specialist Demanded by Industrial Enterprises in Priority Social and Economic Development Area (PSEDA)  |f V. G. Lizunkov, E. V. Politsinskaya, E. Yu. Malushko, A. Yu. Pavlov 
203 |a Text  |c electronic 
300 |a Title screen 
320 |a [References: 16 tit.] 
330 |a The article links with methodological analysis and review of the foundations presented in various scientific sources, features of process modelling and models structuring for training specialists in special economic zones for manufacturing enterprises. Modelling is a key tool for building a competency model of a specialist demanded by industrial enterprises in PSEDA. 
461 |t International Journal of Emerging Technologies in Learning (iJET)  |d 2006- 
463 |t Vol. 15, No. 13  |v [P. 321-326]  |d 2020 
610 1 |a электронный ресурс 
610 1 |a труды учёных ТПУ 
610 1 |a model 
610 1 |a modeling 
610 1 |a supplementary vocational education 
610 1 |a specialist 
610 1 |a Priority Social and Economic Development Area 
610 1 |a enterprise 
610 1 |a дополнительное профессиональное образование 
610 1 |a модели 
610 1 |a моделирование 
610 1 |a специалисты 
610 1 |a социально-экономическое развитие 
610 1 |a предприятия 
701 1 |a Lizunkov  |b V. G.  |c Economist  |c Associate Professor of Yurga Technological Institute (branch) of Tomsk Polytechnic University, Candidate of pedagogical sciences  |f 1986-  |g Vladislav Gennadyevich  |3 (RuTPU)RU\TPU\pers\35244  |9 18509 
701 1 |a Politsinskaya  |b E. V.  |c economist  |c assistant professor of Yurga technological Institute of Tomsk Polytechnic University, candidate of pedagogical sciences  |f 1983-  |g Ekaterina Viktorovna  |3 (RuTPU)RU\TPU\pers\34652  |9 18014 
701 1 |a Malushko  |b E. Yu.  |g Elena Yurjevna 
701 1 |a Pavlov  |b A. Yu.  |g Aleksandr Yurjevich 
712 0 2 |a Национальный исследовательский Томский политехнический университет  |b Юргинский технологический институт  |c (2009- )  |3 (RuTPU)RU\TPU\col\15903 
801 2 |a RU  |b 63413507  |c 20210326  |g RCR 
850 |a 63413507 
856 4 |u http://earchive.tpu.ru/handle/11683/64904 
856 4 |u https://doi.org/10.3991/ijet.v15i13.13941 
942 |c CF